Feeds and feeding /

Bibliographic Details
Main Author: Cullison, Arthur Edison, 1914-
Format: Book
Language:English
Published: Reston, Va. : Reston Pub. Co., [1982]
Edition:3rd ed.
Subjects:

MARC

Tag First Indicator Second Indicator Subfields
LEADER 00000pam a2200000 a 4500
001 in00000098668
005 20150924085933.0
008 810720s1982 vaua b 00110 eng
010 |a  81011994  
020 |a 0835919056 
035 |a (OCoLC)07672143 
035 |9 AAK9776AM 
039 0 |a 2  |b 3  |c 3  |d 3  |e 3 
040 |a DLC  |c DLC  |d TXA  |d UtOrBLW 
049 |a TXAM  |c [985946] 
050 0 0 |a SF95  |b  C82 1982 
082 0 |a 636.08/4  |2 19 
100 1 |a Cullison, Arthur Edison,  |d 1914- 
245 1 0 |a Feeds and feeding /  |c Arthur E. Cullison. 
250 |a 3rd ed. 
264 1 |a Reston, Va. :  |b Reston Pub. Co.,  |c [1982] 
264 4 |c ©1982 
300 |a xii, 628 pages :  |b illustrations ;  |c 24 cm. 
336 |a text  |b txt  |2 rdacontent 
337 |a unmediated  |b n  |2 rdamedia 
338 |a volume  |b nc  |2 rdacarrier 
504 |a Includes bibliographical references and index. 
650 0 |a Feeds. 
650 0 |a Animal nutrition. 
999 |a MARS 
999 f f |s 1094bafb-369f-3f2f-a40a-3c41f5b30894  |i ed908974-eac3-3fa9-9419-2b29b55966c8  |t 0 
952 f f |p ric  |a Texas A&M University  |b Rellis Campus  |c Joint Library Facility  |d Remote Storage  |t 0  |e SF95 C82 1982  |h Library of Congress classification  |i unmediated -- volume  |m A14821438574 
998 f f |a SF95 C82 1982  |t 0  |l Remote Storage